Normal view
MARC view
Entry Personal Name
001 - CONTROL NUMBER
- control field: 34075
003 - CONTROL NUMBER IDENTIFIER
- control field: OSt
005 - DATE AND TIME OF LATEST TRANSACTION
- control field: 20221205164027.0
008 - FIXED-LENGTH DATA ELEMENTS
- fixed length control field: 221205|| aca||aabn | a|a d
040 ## - CATALOGING SOURCE
- Original cataloging agency: OSt
- Transcribing agency: OSt
100 ## - HEADING--PERSONAL NAME
- Personal name: Rhodes, Alec P.
670 ## - SOURCE DATA FOUND
- Source citation: Work cat.: (OSt)520450: Rhodes, Alec P., Student debt and geographic disadvantage: Disparities by rural, suburban, and urban background
